Une lettre suffit pour répondre juste #96 (attention 10 lettres tuent) - Statistiques

Statistiques générales
  • Ce quiz a été pris 54 fois
  • Le résultat moyen est 3 sur 6
Statistiques - réponses
Hint Réponse % Correct
Donne une des 5 lettres qui complète le nom de ce rappeur franco-capverdien devenu acteur : Stomy _ _ _ _ _
BUGSY
100%
Donne une des 4 premières lettres de la capitale d'Haïti PORT (Port-au-Prince)
71%
Donne une des 3 lettres du nom du personnage joué par Ryan Gosling dans ce film de 2023 : _ _ _ / _ _ _ Plage
KEN (dans le film Barbie)
63%
Donne une des 2 lettres qui forment : - l'abrégé d'une procédure de cessation de l'activité ou de dissolution d'une entreprise, par exemple dans le cas d'une faillite - le prénom de ce personnage de la série TV Prison Break ici en mouvement : _ _ Burrows
LJ (Liquidation Judiciaire/Lincoln Junior)
34%
Donne la dernière lettre de tous les présidents de la Croatie depuis 2000 jusqu'à 2025 C (Mesić/Josipović/Grabar-Kitarović/Milanović)
5%
Donne la première lettre de la série TV (2008-2013) de genre science-fiction, policier, thriller dont voici 2 acteurs ici en conférence de presse :
F (Fringe)
5%
Aucun quiz correspondant
Distribution des résultats
% des personnes avec chaque résultat
Percentile par nombre de réponses
Votre historique - résultats
Vous n’avez pas pris ce quiz